Menjejak cinta

Bibliographic Details
Main Author: Mohamad Qayyum A. Badaruddin Mejar (B)
Format: Book
Published: Casamas Resources Sdn Bhd , 2019
Subjects:

MARC

LEADER 00000cam a2200000 7i4500
001 0000086290
005 20210216.0
008 210119
020 |a 9789672107361 
041 0 |a Malay 
090 0 0 |a 152.41   |b MOH 
100 0 |a Mohamad Qayyum A. Badaruddin   |c Mejar (B) 
245 1 0 |a Menjejak cinta   |c Mejar (B) Mohamad Qayyum A. Badaruddin 
260 |b Casamas Resources Sdn Bhd ,   |c 2019 
300 |a 132 p. :   |b ill.,; col. ;   |c 21.4 cm. 
541 0 0 |c Purchased on 2020   |f 2020/09 EKM   |h RM23.00 
650 0 |a Husband and wife 
650 0 |a Love 
650 0 |a Man-women relationships 
999 |a 0001650498   |b Book   |c Adult Collection   |e Cawangan Segamat 
999 |a 0001650499   |b Book   |c Adult Collection   |e Cawangan Batu Pahat 
999 |a 0001650500   |b Book   |c Adult Collection   |e Cawangan Bukit Gambir 
999 |a 0001650501   |b Book   |c Adult Collection   |e Cawangan Mersing 
999 |a 0001650502   |b Book   |c Adult Collection   |e Cawangan Muar 
999 |a 0001650503   |b Book   |c Adult Collection   |e Cawangan Bandar Penawar 
999 |a 0001650504   |b Book   |c Adult Collection   |e Cawangan Tmn. Ungku Tun Aminah 
999 |a 0001650506   |b Book   |c Adult Collection   |e Cawangan Tangkak 
999 |a 0001650507   |b Book   |c Adult Collection   |e Cawangan Kota Tinggi 
999 |a 0001650508   |b Book   |c Adult Collection   |e Cawangan Pontian 
999 |a 0001650509   |b Book   |c Adult Collection   |e Cawangan Taman Sri Lambak 
999 |a 0001650510   |b Book   |c Adult Collection   |e Cawangan Bandar Tenggara 
999 |a 0001650542   |b Book   |c Adult Collection   |e Perbadanan Perpustakaan Awam Johor 
999 |a 0001650543   |b Book   |c Adult Collection   |e Perbadanan Perpustakaan Awam Johor 
999 |a 0001650544   |b Book   |c Adult Collection   |e Cawangan Urban Transformation Centre 
999 |a 0001650545   |b Book   |c Adult Collection   |e Cawangan AEON Kulaijaya